00826nam a2200205Ia 4500008004100000020001400041041001200055082001600067100001400083245007800097250000800175260004100183300000800224650001600232700001800248942000700266999001500273952016100288952017100449221030s9999 xx 000 0 und d a817758112 aEnglish a105.23bTur aE. Turban 0aDecision Support System & Intelligent Systemcby E. Turban, J. E. Aronson a7th bPearson EducationaNew Delhic2006 a904 aBE Computer aJ. E. Aronson cBK c3144d3144 pBE 8453g450.00l0o105.23 Turr2024-06-13 00:00:00w2022-10-30yBK003Print4071aMIETLIBbMIETLIBcBL-Second, FL-1, CUP-55, SH-1, R-1d2006-11-0710HBE pBE 8454g450.00l0o105.23 Turr2024-06-13 00:00:00w2022-10-30yBK003Print4070aMIETLIBbMIETLIBcBL-Academic Blockc, FL-2, CUP-164, SH-1, R-1d2006-11-0710HBE